Le développement de la méthodologie de la consultation en marketing - un outil pour le raprochement du système de formation universitaire avec la pratique économique
Guardado en:
| Autor principal: | |
|---|---|
| Otros Autores: | |
| Formato: | Capítulo de libro |
| Lenguaje: | francés |
| Etiquetas: |
Sin Etiquetas, Sea el primero en etiquetar este registro!
|
MARC
| LEADER | 00000naa$a2200000$$$4500 | ||
|---|---|---|---|
| 001 | 0106547 | ||
| 005 | 20240502072159.7 | ||
| 041 | 0 | |a fre | |
| 044 | |a SK | ||
| 245 | 1 | 0 | |a Le développement de la méthodologie de la consultation en marketing - un outil pour le raprochement du système de formation universitaire avec la pratique économique |c Jarmila Tkáčiková, Boris Durkech |
| 100 | 1 | |a Tkáčiková, Jarmila | |
| 700 | 1 | |a Durkech, Boris | |